Normal view MARC view

Entry Personal Name

Number of records used in: 1

001 - CONTROL NUMBER

  • control field: 818363

003 - CONTROL NUMBER IDENTIFIER

  • control field: OSt

005 - DATE AND TIME OF LATEST TRANSACTION

  • control field: 20250821111757.0

008 - FIXED-LENGTH DATA ELEMENTS

  • fixed length control field: 250821|| aca||aabn | a|a d

040 ## - CATALOGING SOURCE

  • Original cataloging agency: OSt
  • Transcribing agency: OSt

100 ## - HEADING--PERSONAL NAME

  • Personal name: वाजपेयी, नन्ददुलारे

670 ## - SOURCE DATA FOUND

  • Source citation: Work cat.: (OSt)1014332: वाजपेयी, नन्ददुलारे, नया साहित्य नए प्रश्न, 2004
Copyright @ Delhi University Library System